000 00288nam a22001217a 4500
020 _a9788126551491
082 _a664.
_bCUL/FO
245 _aFood Mixing: Principles and Applications
260 _aNew Delhi
_bWiley India
_c2014
300 _a292
700 _aCullen,P J.
_9820
942 _cBK
999 _c14481
_d14481